Vzdelávacia politika a znalostná ekonomika v podmienkach EÚ diplomová práca

Salvato in:
Dettagli Bibliografici
Autore principale: Guňovská, Miriama
Ente Autore: Národohospodárska fakulta EU. Katedra sociálneho rozvoja a práce
Altri autori: Stanek, Vojtech
Natura: Libro
Lingua:slovacco
Pubblicazione: Bratislava 2010
Tags: Aggiungi Tag
Nessun Tag, puoi essere il primo ad aggiungerne!!

MARC

LEADER 00000nam a2200000 4500
001 0118372
005 20240318123930.8
041 0 |a slo 
044 |a SK 
245 1 0 |a Vzdelávacia politika a znalostná ekonomika v podmienkach EÚ  |b diplomová práca  |c Miriama Guňovská ; škol. Vojtech Stanek 
264 1 |a Bratislava  |c 2010 
300 |a 83 s. 
100 1 |a Guňovská, Miriama 
700 1 |a Stanek, Vojtech 
710 2 |a Národohospodárska fakulta EU. Katedra sociálneho rozvoja a práce